| 000 | 00344nam a2200145Ia 4500 | ||
|---|---|---|---|
| 008 | 230917s9999||||xx |||||||||||||| ||und|| | ||
| 040 |
_e40592 _aMAIN |
||
| 041 | _aEnglish | ||
| 082 | _a823.7 D555S:D | ||
| 100 | _aSlater, Michael | ||
| 245 | 0 | _aDickens and Women | |
| 260 |
_aLondon _bJ. M. Dent _c1983 |
||
| 300 | _axii, 465 p. | ||
| 942 | _cBK | ||
| 999 |
_c42892 _d42892 |
||